| Registos Bibliográficos associados ao registo de autoridade |
|
Etiqueta de registo: 00254nam 2200025 450 001 2288145 003 http://id.bnportugal.gov.pt/bib/catbnp/2288145 100 ## $a20260617d2024 k y0pory01030103ba 101 0# $apor$deng 102 ## $aPT 105 ## $aa m 000yy 106 ## $ar 200 1# $a A idealização em escultura$einvestigação e criação do belo-ideal$fSérgio João Fonseca de Matos$gorient. António José Santos de Matos, José Carlos Francisco Pereira 210 #9 $aLisboa$c[s.n.],$d2024 215 ## $a[4], 230, [66] p.$cil.$d30 cm 328 #1 $aTese dout. Belas-Artes (Escultura), Faculdade de Belas-Artes, Universidade de Lisboa,
2024 700 #1 $aMatos,$bSérgio João Fonseca de$32000904 702 #1 $aMatos,$bAntónio José Santos de$4727$31492984 702 #1 $aPereira,$bJosé Carlos,$f1970-$4727$31028670 801 #0 $aPT$bBN$gRPC 966 ## $lBN$mFGMON$x1 971 ## $cssilva$d20260617
|
|
|